Trombosis de la cava inferior / (Record no. 100265)

MARC details
000 -LEADER
campo de control de longitud fija 00610nam a2200205 i 4500
001 - NÚMERO DE CONTROL
campo de control 100265
003 - IDENTIFICADOR DE NÚMERO DE CONTROL
campo de control ES-MaACL
005 - FECHA Y HORA DE LA ÚLTIMA TRANSACCIÓN
campo de control 20230906182636.0
007 - CAMPO FIJO DE DESCRIPCIÓN FÍSICA--INFORMACIÓN GENERAL
campo de control de longitud fija t|
008 - DATOS DE LONGITUD FIJA--INFORMACIÓN GENERAL
campo de control de longitud fija 050923s1948 sp ||||1| spa d
100 1# - ENTRADA PRINCIPAL--NOMBRE DE PERSONA
Nombre de persona Martorell, Fernando.
9 (RLIN) 78532
245 10 - MENCIÓN DEL TÍTULO
Título Trombosis de la cava inferior /
Mención de responsabilidad, etc. por F. Martorell.
250 ## - MENCION DE EDICION
Mención de edición [1ª ed.].
260 ## - PUBLICACIÓN, DISTRIBUCIÓN, ETC.
Lugar de publicación, distribución, etc. Barcelona :
Nombre del editor, distribuidor, etc. Salvat,
Fecha de publicación, distribución, etc. 1948.
300 ## - DESCRIPCIÓN FÍSICA
Extensión 104 p. :
Otras características físicas il. ;
Dimensiones 23 cm.
490 1# - MENCIÓN DE SERIE
Mención de serie Manuales de medicina práctica ;
Designación de volumen o secuencia 101
830 0# - PUNTO DE ACCESO ADICIONAL DE SERIE-TÍTULO UNIFORME
Título uniforme Manuales de medicina práctica ;
Designación de volumen o secuencia 101
9 (RLIN) 181070
852 ## - LOCALIZACIÓN
Ubicación ES-MaACL
Número de control de estantería 1885-F-6
Sublocalización o colección R.25946
Holdings
Estatus retirado Estado de pérdida Estado de daño No para préstamo Colección Biblioteca de origen Biblioteca actual Ubicación en estantería Fecha de adquisición Fuente de adquisición Total de préstamos Signatura topográfica completa Código de barras Visto por última vez Precio de reemplazo Tipo de ítem Koha
        Colección de folletos Biblioteca del Ateneo de Madrid Biblioteca del Ateneo de Madrid Depósito folletos 17/01/2008     1885-F-6 1104693 23/02/2023 23/02/2023 Folleto